প্রাকৃত প্রবেশিকা / (Record no. 47564)
[ view plain ]
| 000 -LEADER | |
|---|---|
| fixed length control field | 01360nam a22002777a 4500 |
| 001 - CONTROL NUMBER | |
| control field | 47564 |
| 003 - CONTROL NUMBER IDENTIFIER | |
| rucl marc code | BD-RjUL |
| 005 - DATE AND TIME OF LATEST TRANSACTION | |
| control field | 20220322125522.0 |
| 008 - FIXED-LENGTH DATA ELEMENTS--GENERAL INFORMATION | |
| fixed length control field | 160809s1968 pk ||||| |||| 00| 0 ben d |
| 020 ## - INTERNATIONAL STANDARD BOOK NUMBER | |
| Terms of availability | : PRs. 8.00 |
| 035 ## - SYSTEM CONTROL NUMBER | |
| System control number | (BD-RjUL)47683 |
| 040 ## - CATALOGING SOURCE | |
| Original cataloging agency | BD-RjUL |
| Language of cataloging | ben |
| Transcribing agency | BD-RjUL |
| 041 ## - LANGUAGE CODE | |
| Language code of text/sound track or separate title | ben |
| 082 ## - DEWEY DECIMAL CLASSIFICATION NUMBER | |
| Edition number | 23 |
| Classification number | 491.3 |
| Author mark and year | WOP 1968 |
| 100 ## - MAIN ENTRY--PERSONAL NAME | |
| Personal name | অলনার, আলফ্রেড সি. |
| 9 (RLIN) | 144575 |
| 245 10 - TITLE STATEMENT | |
| Title | প্রাকৃত প্রবেশিকা / |
| Statement of responsibility, etc. | আলফ্রেড সি. অলনার ; অনুবাদ ও সম্পাদনায়: মুহম্মদ আবদুল হাই, পি. আর. বড়ুয়া |
| 246 ## - VARYING FORM OF TITLE | |
| Title proper/short title | Introduction to Prakit / Alfred C. Woolner |
| 250 ## - EDITION STATEMENT | |
| Edition statement | ১ম সং. |
| 260 ## - PUBLICATION, DISTRIBUTION, ETC. (IMPRINT) | |
| Place of publication, distribution, etc. | ঢাকা : |
| Name of publisher, distributor, etc. | বাংলা ও সংস্কৃত বিভাগ, ঢাকা বিশ্ববিদ্যালয়, |
| Date of publication, distribution, etc. | ১৯৬৮ |
| 300 ## - PHYSICAL DESCRIPTION | |
| Pagination | [১৮], ২২৪ পৃ. ; |
| Size | ২১ সেমি. |
| 650 ## - SUBJECT ADDED ENTRY--TOPICAL TERM | |
| Topical term or geographic name as entry element | প্রাকৃত ভাষা |
| 9 (RLIN) | 1970 |
| Topical term or geographic name as entry element | Prakrit languages |
| 9 (RLIN) | 1971 |
| 700 ## - ADDED ENTRY--PERSONAL NAME | |
| Personal name | হাই, মুহম্মদ আবদুল, অনুবাদক ও সম্পাদক |
| Personal name | বড়ুয়া, পি. আর., যুগ্ম অনুবাদক ও সম্পাদক |
| 942 ## - ADDED ENTRY ELEMENTS (KOHA) | |
| Source of classification or shelving scheme | Dewey Decimal Classification |
| Koha item type | Books |
| Lost status | Source of classification or shelving scheme | Damaged status | Not for loan | Collection code | Permanent Location | Current Location | Shelving location | Date acquired | Source of acquisition | Cost, normal purchase price | Total Checkouts | Full call number | Date last seen | Copy number | Koha item type |
|---|---|---|---|---|---|---|---|---|---|---|---|---|---|---|---|
| Dewey Decimal Classification | Non-fiction | Central Library, University of Rajshahi | Central Library, University of Rajshahi | 21/03/1980 | Niyamot Book | 8.00 | B 491.3 WOP 1968 | 09/08/2016 | C-2 | Books | |||||
| Dewey Decimal Classification | Non-fiction | Central Library, University of Rajshahi | Central Library, University of Rajshahi | 21/03/1980 | Niamot Book Shop, Rajshahi | 8.00 | B 491.3 WOP 1968 | 09/08/2016 | C-3 | Books | |||||
| Dewey Decimal Classification | Non-fiction | Central Library, University of Rajshahi | Central Library, University of Rajshahi | 21/03/1980 | Niamot Book Shop, Rajshahi | 8.00 | B 491.3 WOP 1968 | 09/08/2016 | C-4 | Books | |||||
| Dewey Decimal Classification | Non-fiction | Central Library, University of Rajshahi | Central Library, University of Rajshahi | 22/05/1973 | Islamia Library, Rajshahi | 8.00 | B 491.3 WOP 1968 | 10/08/2016 | C-5 | Books | |||||
| Dewey Decimal Classification | Non-fiction | Central Library, University of Rajshahi | Central Library, University of Rajshahi | 22/05/1973 | Islamia Library, Rajshahi | 8.00 | B 491.3 WOP 1968 | 10/08/2016 | C-6 | Books | |||||
| Dewey Decimal Classification | Non-fiction | Central Library, University of Rajshahi | Central Library, University of Rajshahi | 06/09/1973 | Nowroj,Dhaka | 8.00 | B 491.3 WOP 1968 | 16/08/2016 | C-7 | Books | |||||
| Dewey Decimal Classification | Non-fiction | Central Library, University of Rajshahi | Central Library, University of Rajshahi | 06/09/1973 | Nowrose, Dhaka | 8.00 | B 491.3 WOP 1968 | 16/08/2016 | C-8 | Books | |||||
| Dewey Decimal Classification | Not For Loan | Non-fiction | Central Library, University of Rajshahi | Central Library, University of Rajshahi | Reading Room | 06/09/1973 | Nawroge kitabstan, Dhaka | 8.00 | B 491.3 WOP 1968 | 22/01/2017 | C-1 | Books | |||
| Dewey Decimal Classification | Non-fiction | Central Library, University of Rajshahi | Central Library, University of Rajshahi | General Stacks | 22/05/1973 | Rajshahi Islamia | 8.00 | B 491.3 WOP 1968 | 22/03/2022 | C-9 | Books |